<?xml version="1.0" encoding="UTF-8"?><?xml-stylesheet type="text/xsl" href="static/style.xsl"?><OAI-PMH xmlns="http://www.openarchives.org/OAI/2.0/" xmlns:xsi="http://www.w3.org/2001/XMLSchema-instance" xsi:schemaLocation="http://www.openarchives.org/OAI/2.0/ http://www.openarchives.org/OAI/2.0/OAI-PMH.xsd"><responseDate>2026-04-13T00:56:12Z</responseDate><request verb="GetRecord" identifier="oai:www.recercat.cat:2072/405200" metadataPrefix="marc">https://recercat.cat/oai/request</request><GetRecord><record><header><identifier>oai:recercat.cat:2072/405200</identifier><datestamp>2026-03-13T02:45:17Z</datestamp><setSpec>com_2072_98</setSpec><setSpec>col_2072_378192</setSpec></header><metadata><record xmlns="http://www.loc.gov/MARC21/slim" xmlns:dcterms="http://purl.org/dc/terms/" xmlns:xsi="http://www.w3.org/2001/XMLSchema-instance" xmlns:doc="http://www.lyncode.com/xoai" xsi:schemaLocation="http://www.loc.gov/MARC21/slim http://www.loc.gov/standards/marcxml/schema/MARC21slim.xsd">
   <leader>00925njm 22002777a 4500</leader>
   <datafield ind2=" " ind1=" " tag="042">
      <subfield code="a">dc</subfield>
   </datafield>
   <datafield ind2=" " ind1=" " tag="720">
      <subfield code="a">Breva Franch, Eva</subfield>
      <subfield code="e">author</subfield>
   </datafield>
   <datafield ind2=" " ind1=" " tag="720">
      <subfield code="a">Balado Albiol, Consuelo</subfield>
      <subfield code="e">author</subfield>
   </datafield>
   <datafield ind2=" " ind1=" " tag="720">
      <subfield code="a">Lopes, Paula</subfield>
      <subfield code="e">author</subfield>
   </datafield>
   <datafield ind2=" " ind1=" " tag="260">
      <subfield code="c">2014</subfield>
   </datafield>
   <datafield ind2=" " ind1=" " tag="520">
      <subfield code="a">La publicidad exterior es un medio que requiere una creatividad específica, adaptada a sus características y al momento en que el público tiene contacto con él. A pesar de la revolución que el medio está viviendo, gracias a la digitalización de algunos de sus soportes, no se pueden olvidar las reglas creativas básicas de creación para este medio, ya que el papel todavía es el elemento que impera en sus soportes. Así pues, el objetivo de esta investigación es, a partir del repaso de los estudios sobre el medio y una revisión creativa de sus mensajes, realizar un análisis sobre la manera de trabajar este medio el sector de la telefonía móvil, como sector de grandes inversiones en el medio exterior, en España y Portugal. Para ello, se utilizan los elementos que se desprenden de la revisión bibliográfica como básicos y necesarios en todo mensaje publicitario en el medio exterior. Dicha investigación constata que este sector, en líneas generales, está aplicando correctamente las normas creativas en la realización de los mensajes que se transmitirán mediante los soportes que forman parte de la publicidad exterior en ambos mercados analizados, aunque se vislumbran pequeños matices en uno y otro.</subfield>
   </datafield>
   <datafield ind2=" " ind1=" " tag="520">
      <subfield code="a">Outdoor media requires a specific creativity tailored due to their characteristics and to the moment when the public has contacted with him. Despite the revolution that the outdoor advertising is going through, and due to the digitization of some of their supports, it is not possible to forget the best way to design the creativity in this media, because the paper is still prevailing in their brackets. Therefore, the objective of this research is, from the review of its studies and a creative revision of its messages; perform an analysis on the way to work the creativity of outdoor advertising in mobile sector in Spain and Portugal, such a sector with great investments in this media. This is done using the elements that emerge from the literature review as basic and necessary in any advertising message in the outdoor media. This research notes, that this sector, in main lines, is correctly applying the creative standards in the communication of its messages through this media in both markets analyzed, although can be glimpsed nuances in one and another.</subfield>
   </datafield>
   <datafield tag="653" ind2=" " ind1=" ">
      <subfield code="a">Publicidad exterior</subfield>
   </datafield>
   <datafield tag="653" ind2=" " ind1=" ">
      <subfield code="a">Creatividad</subfield>
   </datafield>
   <datafield tag="653" ind2=" " ind1=" ">
      <subfield code="a">Mobiliario urbano</subfield>
   </datafield>
   <datafield tag="653" ind2=" " ind1=" ">
      <subfield code="a">Marquesinas</subfield>
   </datafield>
   <datafield tag="653" ind2=" " ind1=" ">
      <subfield code="a">Telefonía móvil</subfield>
   </datafield>
   <datafield tag="653" ind2=" " ind1=" ">
      <subfield code="a">Outdoor advertising</subfield>
   </datafield>
   <datafield tag="653" ind2=" " ind1=" ">
      <subfield code="a">Creativity</subfield>
   </datafield>
   <datafield tag="653" ind2=" " ind1=" ">
      <subfield code="a">Street furniture</subfield>
   </datafield>
   <datafield tag="653" ind2=" " ind1=" ">
      <subfield code="a">Bus stops</subfield>
   </datafield>
   <datafield tag="653" ind2=" " ind1=" ">
      <subfield code="a">Mobile companies</subfield>
   </datafield>
   <datafield ind2="0" ind1="0" tag="245">
      <subfield code="a">La creatividad en el medio exterior del sector de la telefonía móvil : análisis en España y Portugal</subfield>
   </datafield>
</record></metadata></record></GetRecord></OAI-PMH>